header

Business patterns for software developers (Record no. 190617)

MARC details
000 -LEADER
fixed length control field 01254nam a2200313 a 4500
100 0# - MAIN ENTRY--AUTHOR NAME
Personal name Rednik.
245 10 - TITLE STATEMENT
Title Business patterns for software developers
260 ## - PUBLICATION, DISTRIBUTION, ETC. (IMPRINT)
Place of publication West Sussex [England] :
Name of publisher John Wiley & Sons,
Year of publication 2012.
300 ## - PHYSICAL DESCRIPTION
Number of Pages xix, 386 p. :
Other physical details ill.
490 1# - SERIES STATEMENT
Series statement Wiley series in software design patterns
650 #0 - SUBJECT ADDED ENTRY--TOPICAL TERM
Topical Term Computer software industry.
Topical Term Computer software
856 40 - ELECTRONIC LOCATION AND ACCESS
Uniform Resource Identifier http://site.ebrary.com/lib/rucke/Doc?id=10558151

No items available.

© 2026 Rongo University
Contact us: librarian | system librarian | Rongo university